Country Connect across Westernmost Border - Statistics

General Stats
  • This quiz has been taken 23 times
    17 since last reset
  • The average score is 97 of 157
Answers on the Map
Answers color-coded by a green-red scale on the quiz's map according to % correct below.
 
Answer Stats
Answer % Correct
Canada
100%
United States of America
100%
Denmark
75%
France
75%
Germany
75%
Netherlands
75%
Afghanistan
63%
Albania
63%
Algeria
63%
Angola
63%
Argentina
63%
Armenia
63%
Austria
63%
Azerbaijan
63%
Bangladesh
63%
Belarus
63%
Belize
63%
Benin
63%
Bhutan
63%
Bolivia
63%
Bosnia and Herzegovina
63%
Botswana
63%
Brazil
63%
Brunei
63%
Bulgaria
63%
Burkina Faso
63%
Burundi
63%
Cambodia
63%
Cameroon
63%
Central African Republic
63%
Chad
63%
Chile
63%
China
63%
Colombia
63%
Costa Rica
63%
Cote d'Ivoire
63%
Croatia
63%
Czechia
63%
Democratic Republic of the Congo
63%
Djibouti
63%
East Timor
63%
Ecuador
63%
Egypt
63%
El Salvador
63%
Equatorial Guinea
63%
Eritrea
63%
Estonia
63%
Eswatini
63%
Ethiopia
63%
Finland
63%
Gabon
63%
Georgia
63%
Ghana
63%
Greece
63%
Guatemala
63%
Guinea
63%
Guinea-Bissau
63%
Guyana
63%
Honduras
63%
Hungary
63%
India
63%
Indonesia
63%
Iran
63%
Iraq
63%
Israel
63%
Italy
63%
Jordan
63%
Kazakhstan
63%
Kenya
63%
Kosovo
63%
Kyrgyzstan
63%
Laos
63%
Latvia
63%
Lebanon
63%
Liberia
63%
Libya
63%
Liechtenstein
63%
Lithuania
63%
Malawi
63%
Malaysia
63%
Mali
63%
Mauritania
63%
Mexico
63%
Moldova
63%
Mongolia
63%
Montenegro
63%
Morocco
63%
Mozambique
63%
Myanmar
63%
Namibia
63%
Nepal
63%
Nicaragua
63%
Niger
63%
Nigeria
63%
North Korea
63%
North Macedonia
63%
Norway
63%
Pakistan
63%
Panama
63%
Papua New Guinea
63%
Paraguay
63%
Peru
63%
Poland
63%
Portugal
63%
Republic of the Congo
63%
Romania
63%
Russia
63%
Rwanda
63%
Saudi Arabia
63%
Senegal
63%
Serbia
63%
Sierra Leone
63%
Singapore
63%
Slovakia
63%
Slovenia
63%
Somalia
63%
South Africa
63%
South Korea
63%
South Sudan
63%
Spain
63%
Sudan
63%
Suriname
63%
Sweden
63%
Switzerland
63%
Syria
63%
Tajikistan
63%
Tanzania
63%
Thailand
63%
Togo
63%
Tunisia
63%
Turkey
63%
Turkmenistan
63%
Uganda
63%
Ukraine
63%
Uruguay
63%
Uzbekistan
63%
Venezuela
63%
Vietnam
63%
Zambia
63%
Zimbabwe
63%
Bahrain
50%
Gambia
50%
Ireland
50%
Kuwait
50%
Lesotho
50%
Oman
50%
Qatar
50%
San Marino
50%
UK
50%
United Arab Emirates
50%
Vatican City
50%
Yemen
50%
Andorra
38%
Belgium
38%
Cyprus
38%
Luxembourg
38%
Monaco
38%
No matching quizzes found
Score Distribution
Percent of People with Each Score
Percentile by Number Answered
Your Score History
You have not taken this quiz since the last reset